01107nam a22002177a 4500999001700000005001700017008004100034020002200075040001000097082001800107110002600125245006000151260004100211300001100252650003500263942000700298505028100305952010100586952010100687952010100788 c20613d2061320220203151415.0220203b ||||| |||| 00| 0 eng d a978-969-416-527-1 cUE-CL a928.91bSh134 aShafique, Khurram Ali aIqbal (An Illustrated Biography) / Khurram Ali Shafique aLahorebIqbal Academy Pakistanc2018 a208 p. aBiography - Iqbal - Philospher cBK aContents Preface Prologue Voices Chapter 1 The Young Poet Philosopher (1877-1905) Chapter 2 The Dark Night of the Soul (1905-13) Chapter 3 Illustration (1914-22) Chapter 4 Unsuspected Harmonies (1923-30) Chapter 5 What Lies Beyond (1931-38) Epilogue Legacy Chronology  00104070aLISTbLISTd2022-02-03l0o928.91 Sh134pT15120r2022-02-03 00:00:00w2022-02-03yBK 00104070aLISTbLISTd2022-02-03l0o928.91 Sh134pT15121r2022-02-03 00:00:00w2022-02-03yBK 00104070aLISTbLISTd2022-02-03l0o928.91 Sh134pT15122r2022-02-03 00:00:00w2022-02-03yBK